[Event "SR 4. liga A21 2008/2009"]
[Site "?"]
[Date "2008.12.07"]
[Round "5.6"]
[White "Adamec, Jozef"]
[Black "Pripko, Bystrik"]
[Result "0-1"]
[WhiteElo "1461"]
[BlackElo "1560"]
[PlyCount "132"]
[EventDate "2008.??.??"]

1. e4 e5 2. Nf3 Nc6 3. d4 exd4 4. Nxd4 Nxd4 5. Qxd4 d6 6. Bd3 h6 7. O-O Nf6 8.
f3 b6 9. Nc3 c6 10. e5 d5 11. Na4 Nd7 12. b4 b5 13. Nc5 Nxc5 14. bxc5 Be7 15.
Bb2 O-O 16. f4 f6 17. Bg6 Be6 18. f5 Bf7 19. Bxf7+ Rxf7 20. e6 Rf8 21. Rf3 Kh7
22. Rg3 Rh8 23. Kh1 Kg8 24. Qg4 Qf8 25. Bd4 Rh7 26. Qg6 a5 27. c3 h5 28. Rh3
Rh6 29. Qg3 Bxc5 30. Bxc5 Qxc5 31. Qc7 Ra7 32. Qd8+ Kh7 33. Re1 Qe7 34. Qb6 Rc7
35. Qxc7 Qxc7 36. e7 Qd7 37. Re6 Qe8 38. Rhe3 h4 39. h3 Rh5 40. g4 hxg3 41.
Rxg3 Rxf5 42. Kg2 Re5 43. Re3 Rxe3 44. Rxe3 Kg6 45. Kg3 Kf7 46. h4 g6 47. Kg4
Qd7+ 48. Kf4 Qf5+ 49. Kg3 Ke8 50. Rf3 Qe5+ 51. Kf2 d4 52. cxd4 Qxd4+ 53. Kg3
Kxe7 54. Rf4 Qe5 55. Kf3 Qd5+ 56. Re4+ Kf7 57. Ke3 Qxa2 58. Rd4 Qb3+ 59. Rd3
Qxd3+ 60. Kxd3 c5 61. Kc3 c4 62. Kd4 a4 63. Kc3 a3 64. Kc2 b4 65. Kb1 b3 66.
Ka1 f5 0-1

[Event "SR 4. liga A21 2008/2009"]
[Site "?"]
[Date "2008.12.07"]
[Round "5.6"]
[White "Dedacek, Miroslav"]
[Black "Vagovic, Milan"]
[Result "0-1"]
[WhiteElo "1630"]
[BlackElo "1667"]
[PlyCount "104"]
[EventDate "2008.??.??"]

1. e4 e5 2. Bc4 Nf6 3. d3 b6 4. Nf3 d6 5. Ng5 d5 6. exd5 Nxd5 7. Qf3 Be6 8.
Nxe6 fxe6 9. Qh5+ Kd7 10. Qxe5 Qf6 11. Qe4 c6 12. O-O Bd6 13. Bxd5 cxd5 14. Qg4
h5 15. Qh3 g5 16. c3 Nc6 17. d4 g4 18. Qe3 Qh4 19. g3 Qf6 20. Qg5 Raf8 21. Qxf6
Rxf6 22. Bg5 Rg6 23. Bh4 e5 24. dxe5 Nxe5 25. Nd2 Rf8 26. Kg2 Nd3 27. f3 Re6
28. Bg5 Re2+ 29. Kh1 Rf5 30. fxg4 Rxg5 31. Nf3 Rxg4 32. Nd4 Rxb2 33. Rf7+ Be7
34. Rf5 Rxd4 35. cxd4 h4 36. gxh4 Bxh4 37. Rxd5+ Kc6 38. Rh5 Be7 39. a4 a5 40.
Rh6+ Bd6 41. Ra3 Nf4 42. Ra1 Rd2 43. h4 Nh3 44. Rc1+ Kd5 45. Rxd6+ Kxd6 46. Rc3
Nf2+ 47. Kg1 Ne4 48. Rc8 Rxd4 49. Rd8+ Ke5 50. Re8+ Kf6 51. Rf8+ Kg7 52. Rf4
Rxa4 0-1

[Event "SR 4. liga A21 2008/2009"]
[Site "?"]
[Date "2008.12.07"]
[Round "5.6"]
[White "Kicinja, Jan"]
[Black "Slaby, Marian"]
[Result "1/2-1/2"]
[WhiteElo "1806"]
[BlackElo "1860"]
[PlyCount "46"]
[EventDate "2008.??.??"]

1. d4 d5 2. c4 e6 3. Nc3 Nf6 4. Bg5 Nbd7 5. e3 c6 6. Nf3 Qa5 7. Bxf6 Nxf6 8.
Nd2 Bb4 9. Qc2 O-O 10. Bd3 Bd6 11. c5 Be7 12. a3 Qc7 13. h3 e5 14. dxe5 Qxe5
15. Nf3 Qc7 16. b4 g6 17. O-O Nd7 18. e4 dxe4 19. Nxe4 Ne5 20. Nxe5 Qxe5 21.
Rfe1 Be6 22. Nd6 Qg5 23. Ne4 Qf4 1/2-1/2

[Event "SR 4. liga A21 2008/2009"]
[Site "?"]
[Date "2008.12.07"]
[Round "5.6"]
[White "Kupkovic, Miroslav"]
[Black "Kurinec, Jozef"]
[Result "0-1"]
[WhiteElo "1690"]
[BlackElo "1757"]
[PlyCount "86"]
[EventDate "2008.??.??"]

1. Nf3 Nf6 2. Nc3 d6 3. e4 e5 4. Bc4 Be7 5. Ng5 O-O 6. d3 h6 7. Nxf7 Rxf7 8.
Bxf7+ Kxf7 9. f3 Be6 10. Be3 Nbd7 11. Qd2 Qf8 12. f4 exf4 13. Bxf4 g5 14. Bg3
Bg4 15. h3 Bh5 16. Bf2 Qg7 17. g4 Bg6 18. Bg3 Ne5 19. Bxe5 dxe5 20. O-O-O Rf8
21. Qf2 a6 22. Nd5 Kg8 23. Nxf6+ Qxf6 24. Qxf6 Rxf6 25. Rdf1 Rf4 26. Rxf4 gxf4
27. Rg1 Kh7 28. Kd2 Bf7 29. a3 Kg6 30. Ke2 Kg5 31. Kf3 Bc5 32. Rh1 h5 33. h4+
Kg6 34. g5 Be6 35. c3 Bg4+ 36. Kg2 Be3 37. Kf1 Bc1 38. Rh2 f3 39. Ke1 Bf4 40.
Rh1 Be3 41. Kf1 f2 42. Rh2 Bd1 43. Rg2 Bc2 0-1

[Event "SR 4. liga A21 2008/2009"]
[Site "?"]
[Date "2008.12.07"]
[Round "5.6"]
[White "Piestansky, Jan"]
[Black "Florek, Jozef"]
[Result "0-1"]
[WhiteElo "1597"]
[BlackElo "1521"]
[PlyCount "128"]
[EventDate "2008.??.??"]

1. e4 c5 2. Nf3 Nc6 3. c3 e5 4. Bc4 d6 5. h3 Nf6 6. d3 h6 7. Be3 Qb6 8. Bb3 Na5
9. Nbd2 Be6 10. Ba4+ Bd7 11. Bxd7+ Nxd7 12. b3 Nc6 13. O-O Be7 14. Nh2 Nf6 15.
f4 Nd7 16. f5 Bg5 17. Bf2 Qa5 18. Qc2 b5 19. Ndf3 b4 20. Nxg5 hxg5 21. c4 f6
22. Ng4 Nd4 23. Bxd4 cxd4 24. Qd2 Nc5 25. Nf2 Qb6 26. g3 a5 27. Rfb1 Kf7 28. a4
Rh6 29. Kg2 g6 30. fxg6+ Rxg6 31. Qe2 Rh8 32. Ra2 Qc6 33. Qf3 Qd7 34. Rab2 Rgh6
35. Rh1 Ne6 36. Rbb1 Nc5 37. Ng4 Rg6 38. Rhf1 Qe6 39. Rh1 Ke7 40. Rhf1 Rf8 41.
Qf5 Qxf5 42. exf5 Rg7 43. Nf2 Rh8 44. g4 Kd7 45. Rfe1 Rgh7 46. Rh1 Kc6 47. Kg3
d5 48. Rhc1 Kd6 49. Rd1 dxc4 50. dxc4 Re8 51. Kg2 Rd7 52. Nd3 Ne4 53. Re1 Nc5
54. Nxc5 Kxc5 55. Re4 d3 56. Rd1 Rd4 57. Re3 e4 58. Rd2 Rd7 59. Kg3 Kd4 60. Kf2
Kc3 61. Rd1 Kxb3 62. c5 Kc2 63. Ke1 d2+ 64. Ke2 Rd3 0-1

[Event "SR 4. liga A21 2008/2009"]
[Site "?"]
[Date "2009.01.04"]
[Round "6.1"]
[White "Hanzluvka, Peter"]
[Black "Slaby, Jozef"]
[Result "1-0"]
[WhiteElo "2038"]
[BlackElo "1930"]
[PlyCount "71"]
[EventDate "2008.??.??"]

1. e4 e6 2. d4 d5 3. e5 c5 4. c3 Nc6 5. Nf3 Nge7 6. Na3 a6 7. Bd3 Ng6 8. Nc2
Be7 9. O-O O-O 10. g3 cxd4 11. cxd4 Qe8 12. h4 f5 13. Bg5 h6 14. Bxe7 Ngxe7 15.
a3 Bd7 16. Ne3 Na5 17. b4 Ba4 18. Qb1 Nac6 19. Rc1 Qh5 20. Kg2 b5 21. Be2 Qf7
22. Nd1 Bxd1 23. Bxd1 h5 24. Ng5 Qg6 25. Qd3 Rfc8 26. Rc5 Nd8 27. Rac1 Rxc5 28.
Rxc5 Ndc6 29. Bf3 Kf8 30. Qd1 Qh6 31. Bxh5 Nxd4 32. Qxd4 Qxh5 33. Nxe6+ Kg8 34.
Rc7 Qf7 35. Ng5 Qf8 36. Rxe7 1-0

[Event "SR 4. liga A21 2008/2009"]
[Site "?"]
[Date "2009.01.04"]
[Round "6.1"]
[White "Kupkovic, Miroslav"]
[Black "Pagerka, Slavomir"]
[Result "1/2-1/2"]
[WhiteElo "1690"]
[BlackElo "1848"]
[PlyCount "74"]
[EventDate "2008.??.??"]

1. d4 d5 2. c4 e6 3. e3 Ne7 4. Nc3 c6 5. Nf3 Nd7 6. c5 g6 7. b4 Bg7 8. Bd3 e5
9. dxe5 Nxe5 10. Nxe5 Bxe5 11. O-O Bxc3 12. Rb1 Bf5 13. Bxf5 Nxf5 14. g4 Ng7
15. f4 Qh4 16. Kh1 f5 17. Rb3 Bf6 18. g5 Be7 19. Bb2 Rg8 20. Rf3 Nh5 21. Qf1
Bxg5 22. fxg5 Qxg5 23. b5 Qe7 24. Bd4 Nf6 25. bxc6 bxc6 26. Qa6 Nd7 27. Qxc6
Rd8 28. Qxd5 Rf8 29. Rb7 Qe4 30. Qxe4+ fxe4 31. Rxf8+ Nxf8 32. Rxa7 Rd5 33.
Ra8+ Ke7 34. Ra7+ Ke6 35. Ra6+ Kd7 36. Ra7+ Kc6 37. Re7 Nd7 1/2-1/2

[Event "SR 4. liga A21 2008/2009"]
[Site "?"]
[Date "2009.01.04"]
[Round "6.1"]
[White "Nemeckayova, Monika"]
[Black "Pripko, Bystrik"]
[Result "0-1"]
[WhiteElo "1505"]
[BlackElo "1560"]
[PlyCount "70"]
[EventDate "2008.??.??"]

1. e4 e5 2. Nf3 Nc6 3. Bc4 Bc5 4. c3 d6 5. d4 exd4 6. cxd4 Bb6 7. h3 h6 8. Nc3
Nf6 9. O-O O-O 10. d5 Ne7 11. Be3 Ng6 12. Re1 Re8 13. Bxb6 axb6 14. Nd4 Ne5 15.
Bb3 Nh7 16. f4 Ng6 17. Qf3 Bd7 18. Rac1 c6 19. Nce2 c5 20. Nc2 b5 21. a3 Qb6
22. Kh1 Re7 23. Ng3 Nf6 24. Ne3 c4 25. Bc2 Nh4 26. Qf1 Qd4 27. Nef5 Nxf5 28.
Nxf5 Bxf5 29. exf5 Rxe1 30. Rxe1 Nxd5 31. Rd1 Qxb2 32. Rxd5 Qxc2 33. Rxd6 Qxf5
34. Rb6 Rxa3 35. Rxb7 Rb3 0-1

[Event "SR 4. liga A21 2008/2009"]
[Site "?"]
[Date "2009.01.04"]
[Round "6.1"]
[White "Piestansky, Jan"]
[Black "Nemeckay, Rastislav"]
[Result "0-1"]
[WhiteElo "1597"]
[BlackElo "1749"]
[PlyCount "44"]
[EventDate "2008.??.??"]

1. e4 e5 2. Nf3 Nf6 3. d3 Nc6 4. Bg5 Be7 5. Nbd2 O-O 6. c3 d5 7. exd5 Nxd5 8.
Bxe7 Qxe7 9. h3 Bf5 10. Ne4 Rad8 11. Qc2 Rd7 12. O-O-O Rfd8 13. g3 Ndb4 14.
cxb4 Bxe4 15. Be2 Nxb4 16. dxe4 Nxc2 17. Rxd7 Rxd7 18. Kxc2 Qc5+ 19. Kb1 Qxf2
20. Re1 Rd2 21. Bc4 Qxf3 22. Rf1 Qxe4+ 0-1

[Event "SR 4. liga A21 2008/2009"]
[Site "?"]
[Date "2009.01.04"]
[Round "6.1"]
[White "Skapik, Branislav"]
[Black "Vagovic, Milan"]
[Result "1-0"]
[WhiteElo "1823"]
[BlackElo "1667"]
[PlyCount "81"]
[EventDate "2008.??.??"]

1. e4 e5 2. Nf3 Nc6 3. Bb5 d6 4. d4 Bd7 5. Nc3 a6 6. Bxc6 Bxc6 7. d5 Bd7 8. Be3
Nf6 9. h3 Be7 10. Qd2 c6 11. O-O O-O 12. a4 a5 13. Qd3 Qc8 14. Nd2 Nh5 15. Nc4
Ra6 16. Nb6 Qd8 17. Nxd7 Qxd7 18. dxc6 Rxc6 19. Nd5 Bd8 20. Rfd1 Nf6 21. c3
Nxd5 22. Qxd5 Qe6 23. Qb5 Qc8 24. Rd5 f5 25. f3 f4 26. Bf2 Rf6 27. Kh2 g5 28.
Rad1 h5 29. Qb3 Kg7 30. Rb5 Rf7 31. Bb6 Bxb6 32. Rxb6 Qc7 33. Rb5 Kf6 34. Rbd5
Rd7 35. Qb5 b6 36. Qd3 Ke6 37. g3 fxg3+ 38. Kxg3 Rc4 39. Qd2 Rxa4 40. Qxg5 Rg7
41. Rxd6+ 1-0

[Event "SR 4. liga A21 2008/2009"]
[Site "?"]
[Date "2009.01.04"]
[Round "6.2"]
[White "Adamec, Jozef"]
[Black "Nedorost, Lubomir"]
[Result "0-1"]
[WhiteElo "1461"]
[BlackElo "1588"]
[PlyCount "117"]
[EventDate "2008.??.??"]

1. e4 c5 2. Nf3 Nc6 3. d4 cxd4 4. Nxd4 d6 5. Bb5 Bd7 6. O-O Nf6 7. Nc3 g6 8.
Nxc6 bxc6 9. Bd3 Bg7 10. Ne2 Ng4 11. c3 Rb8 12. Rb1 Be6 13. b3 Qc7 14. Bf4 O-O
15. Bc2 Rb5 16. f3 Qb6+ 17. Nd4 Ne5 18. Kh1 Ra5 19. a4 Qc7 20. Qc1 Ra6 21. Rg1
Qd7 22. Qf1 Rb6 23. a5 Rb7 24. Bg3 c5 25. Nxe6 fxe6 26. f4 Rbb8 27. Qe2 Nc6 28.
b4 Bxc3 29. bxc5 Bxa5 30. cxd6 exd6 31. Ba4 Bb6 32. Rgd1 Bc5 33. Rbc1 Qb7 34.
Qc4 Nd8 35. Bc2 Qb4 36. Qe2 Nc6 37. Rb1 Qc3 38. Rxb8 Rxb8 39. Ba4 Nd4 40. Qg4
Qc4 41. Bd7 Rb7 42. Bc8 Re7 43. Qg5 Qc2 44. Re1 Re8 45. Bd7 Rf8 46. Qe7 Qb3 47.
f5 gxf5 48. Bxd6 Bxd6 49. Qxd6 Qc4 50. exf5 Rxf5 51. h3 Rf1+ 52. Rxf1 Qxf1+ 53.
Kh2 Qf6 54. Qg3+ Kf7 55. Qg4 e5 56. Qh5+ Kg7 57. Qg4+ Kh8 58. Bc8 Qf4+ 59. Qg3
0-1

[Event "SR 4. liga A21 2008/2009"]
[Site "?"]
[Date "2009.01.04"]
[Round "6.2"]
[White "Dedacek, Miroslav"]
[Black "Bardik, Jozef"]
[Result "0-1"]
[WhiteElo "1630"]
[BlackElo "1792"]
[PlyCount "54"]
[EventDate "2008.??.??"]

1. e4 c6 2. Bc4 d5 3. exd5 cxd5 4. Be2 Nc6 5. d4 Nf6 6. Nf3 e6 7. Nbd2 Bd6 8.
h3 O-O 9. c3 a6 10. O-O b5 11. Nb3 Ne4 12. Bd3 f5 13. Nfd2 Ra7 14. Nxe4 fxe4
15. Be2 Qh4 16. Be3 Ne7 17. Bg4 Nf5 18. Bxf5 Rxf5 19. Qg4 Qf6 20. Nd2 Rf7 21.
g3 h5 22. Qe2 Qg6 23. Kh1 e5 24. g4 Rf3 25. Nxf3 exf3 26. Qd2 hxg4 27. Rg1 Qh5
0-1

[Event "SR 4. liga A21 2008/2009"]
[Site "?"]
[Date "2009.01.04"]
[Round "6.2"]
[White "Gono, Michal"]
[Black "Kurinec, Jozef"]
[Result "0-1"]
[WhiteElo "1854"]
[BlackElo "1757"]
[PlyCount "102"]
[EventDate "2008.??.??"]

1. Nf3 d6 2. d4 g6 3. c4 Bg7 4. Bf4 Nf6 5. Nc3 O-O 6. e3 Nbd7 7. Be2 c5 8. O-O
cxd4 9. exd4 Nb6 10. b3 Bf5 11. Bd3 Bxd3 12. Qxd3 Rc8 13. h3 a6 14. Rac1 Nbd7
15. Qd2 Re8 16. Rfe1 Nb8 17. Bh6 Nc6 18. Bxg7 Kxg7 19. Ne4 Nxe4 20. Rxe4 e5 21.
Rh4 h5 22. d5 Nd4 23. Ng5 Ne2+ 24. Kh1 Nxc1 25. Qxc1 Rc7 26. g4 Rh8 27. gxh5
Rxh5 28. Rxh5 gxh5 29. Qg1 Kh8 30. h4 Qg8 31. Qd1 Qg6 32. Qe2 Rc8 33. Qf3 Kg7
34. Qh3 Rd8 35. Qe3 Qf5 36. Qf3 Qxf3+ 37. Nxf3 f6 38. Nd2 f5 39. b4 Rc8 40. a4
Kf6 41. Kg2 Rg8+ 42. Kf3 Rg4 43. Ke2 Rxh4 44. Kd3 Rh3+ 45. f3 Rh1 46. c5 dxc5
47. bxc5 Rc1 48. Nb3 Rd1+ 49. Nd2 h4 50. c6 bxc6 51. dxc6 Ke6 0-1

[Event "SR 4. liga A21 2008/2009"]
[Site "?"]
[Date "2009.01.04"]
[Round "6.2"]
[White "Nemsak, Denis"]
[Black "Kyselica, Jozef"]
[Result "1-0"]
[WhiteElo "1476"]
[BlackElo "1544"]
[PlyCount "67"]
[EventDate "2008.??.??"]

1. e4 c5 2. Nf3 Nc6 3. d4 cxd4 4. Nxd4 d6 5. c4 Nf6 6. Nc3 Nxd4 7. Qxd4 Bd7 8.
f4 e6 9. Be2 h6 10. Be3 Be7 11. O-O-O O-O 12. e5 Ne8 13. c5 d5 14. Bb5 Nc7 15.
Bd3 a6 16. Bc2 f6 17. Qd3 f5 18. g4 Bh4 19. Rdf1 Be8 20. Qd2 Bg6 21. h3 Qe8 22.
Bf2 Bxf2 23. Rxf2 fxg4 24. hxg4 Bxc2 25. Qxc2 g6 26. Rxh6 Kg7 27. Rfh2 Rg8 28.
Rh7+ Kf8 29. Rxc7 Rc8 30. Rxb7 Rxc5 31. Rhh7 Qc8 32. Qb3 Rb5 33. Qa3+ Rc5 34.
Qb4 1-0

[Event "SR 4. liga A21 2008/2009"]
[Site "?"]
[Date "2009.01.04"]
[Round "6.2"]
[White "Strapko, Tomas"]
[Black "Sladek, Tibor"]
[Result "1/2-1/2"]
[WhiteElo "1436"]
[BlackElo "1436"]
[PlyCount "128"]
[EventDate "2008.??.??"]

1. d4 d5 2. c4 c6 3. Nc3 Nf6 4. Bg5 h6 5. Bxf6 exf6 6. e3 Bb4 7. h3 Bxc3+ 8.
bxc3 O-O 9. Nf3 Bf5 10. Be2 Be4 11. cxd5 Qxd5 12. O-O b5 13. Qb3 Qxb3 14. axb3
a5 15. Ra3 Nd7 16. Rfa1 Nb6 17. Rxa5 Rxa5 18. Rxa5 Nd5 19. c4 bxc4 20. bxc4 Nc3
21. Bf1 Rb8 22. Nd2 Bg6 23. Kh2 Rb2 24. Ra3 Nd1 25. Nf3 Rxf2 26. Kg1 Rb2 27. c5
Nf2 28. Bc4 Ne4 29. Bd3 Ng3 30. Ra8+ Kh7 31. Bxg6+ fxg6 32. Ra6 Re2 33. Rxc6
Rxe3 34. d5 Ne4 35. d6 Rd3 36. Rc7 Nxc5 37. Rxc5 Rxd6 38. Rc4 Rd7 39. Nd4 Ra7
40. Ne6 h5 41. Rc8 Re7 42. Rc6 Rf7 43. Kh2 Rb7 44. h4 Rf7 45. Rc8 Rb7 46. Nf8+
Kh6 47. Nd7 Kh7 48. Nc5 Re7 49. Kh3 Ra7 50. g3 Re7 51. Rd8 Rf7 52. Ne4 Re7 53.
Rd4 Rc7 54. Rd5 Re7 55. Nc5 Rf7 56. Rd7 Rxd7 57. Nxd7 Kg8 58. Nc5 Kf7 59. Ne4
Ke6 60. g4 hxg4+ 61. Kxg4 Kf7 62. Nf2 Ke6 63. Nd3 Kf7 64. Nf4 g5 1/2-1/2

[Event "SR 4. liga A21 2008/2009"]
[Site "?"]
[Date "2009.01.04"]
[Round "6.3"]
[White "Cerovsky, Marian"]
[Black "Vach, Jozef"]
[Result "0-1"]
[WhiteElo "1805"]
[BlackElo "1917"]
[PlyCount "124"]
[EventDate "2008.??.??"]

1. e4 e5 2. Nc3 Nc6 3. Nf3 Bc5 4. a3 d6 5. Na4 Bb6 6. Nxb6 axb6 7. Bc4 Nf6 8.
Ng5 O-O 9. d3 h6 10. Nf3 Bg4 11. c3 Qd7 12. h3 Bh5 13. Be3 Na5 14. Ba2 c5 15.
Qd2 Bxf3 16. gxf3 Kh7 17. f4 Nc6 18. f5 d5 19. Qc2 Rad8 20. O-O-O d4 21. Bd2 g6
22. fxg6+ fxg6 23. Rdg1 Nh5 24. Rg2 Nf4 25. Bxf4 Rxf4 26. Rhg1 Rf6 27. Rg3 Rdf8
28. R1g2 b5 29. Kd1 dxc3 30. bxc3 b4 31. axb4 cxb4 32. Bd5 bxc3 33. Qxc3 Nd4
34. Qb2 Qa4+ 35. Ke1 Nc2+ 36. Kf1 Nd4 37. Qxb7+ R8f7 38. Qb1 Ra7 39. Kg1 Qa1
40. Qxa1 Rxa1+ 41. Kh2 Nf3+ 42. Rxf3 Rxf3 43. Bc4 Rc1 44. Bb5 Rc2 45. Be8 g5
46. h4 Rfxf2 47. Rxf2 Rxf2+ 48. Kg3 Rf8 49. Bh5 gxh4+ 50. Kxh4 Rg8 51. Bg4 Rg5
52. Kh3 Kg6 53. Bd7 Kf6 54. Kh2 Ke7 55. Bb5 Kd6 56. Bc4 Kc5 57. Ba6 Kd4 58. Bb5
Ke3 59. Kh3 Rg6 60. Kh4 Rd6 61. Kh5 Rxd3 62. Kxh6 Kxe4 0-1

[Event "SR 4. liga A21 2008/2009"]
[Site "?"]
[Date "2009.01.04"]
[Round "6.3"]
[White "Dubecky, Ladislav"]
[Black "Kubik, Peter"]
[Result "1-0"]
[WhiteElo "1549"]
[BlackElo "1491"]
[PlyCount "49"]
[EventDate "2008.??.??"]

1. e4 e5 2. f4 Nc6 3. Nf3 d5 4. Ng5 Nf6 5. fxe5 Nxe5 6. d4 Ng6 7. e5 Ne4 8. Nf3
Bg4 9. Be2 Bxf3 10. Bxf3 c5 11. c3 Qa5 12. O-O Be7 13. Qb3 cxd4 14. Bxe4 dxe4
15. Qxf7+ Kd8 16. cxd4 Rf8 17. Qc4 Rc8 18. Rxf8+ Nxf8 19. Qf1 Qb6 20. Be3 Qxb2
21. Nd2 Ne6 22. d5 Bc5 23. Bxc5 Nxc5 24. Qf8+ Kd7 25. Qd6+ 1-0

[Event "SR 4. liga A21 2008/2009"]
[Site "?"]
[Date "2009.01.04"]
[Round "6.3"]
[White "Hrubsa, Marian"]
[Black "Damborsky, Pavol"]
[Result "0-1"]
[WhiteElo "1909"]
[BlackElo "1664"]
[PlyCount "50"]
[EventDate "2008.??.??"]

1. e4 e5 2. Nf3 d6 3. d4 exd4 4. Nxd4 Nf6 5. Nc3 Be7 6. Be2 h6 7. O-O O-O 8. f4
c5 9. Nf3 Nc6 10. f5 a6 11. a4 Qc7 12. Bc4 Bd7 13. Bf4 Rad8 14. Qd2 Ne5 15.
Bxe5 dxe5 16. Qe2 Bc6 17. Rad1 Rxd1 18. Rxd1 Rd8 19. Rxd8+ Qxd8 20. Nxe5 Qd4+
21. Kf1 Qxe5 22. g4 Qf4+ 23. Ke1 Nxg4 24. h3 Bh4+ 25. Kd1 Ne3+ 0-1

[Event "SR 4. liga A21 2008/2009"]
[Site "?"]
[Date "2009.01.04"]
[Round "6.3"]
[White "Kubis, Ivan"]
[Black "Kovarik, Oto"]
[Result "1/2-1/2"]
[WhiteElo "2042"]
[BlackElo "2052"]
[PlyCount "23"]
[EventDate "2008.??.??"]

1. e4 c5 2. Nf3 d6 3. d4 cxd4 4. Nxd4 Nf6 5. Nc3 a6 6. Bg5 e5 7. Nf5 h6 8. Bh4
Bxf5 9. exf5 Be7 10. Bc4 Nbd7 11. a4 O-O 12. O-O 1/2-1/2

[Event "SR 4. liga A21 2008/2009"]
[Site "?"]
[Date "2009.01.04"]
[Round "6.3"]
[White "Planka, Peter"]
[Black "Pisecky, Jan"]
[Result "1-0"]
[WhiteElo "1350"]
[BlackElo "1546"]
[PlyCount "49"]
[EventDate "2008.??.??"]

1. e4 e5 2. Nf3 d6 3. d4 Bg4 4. dxe5 Bxf3 5. Qxf3 dxe5 6. Bc4 Qd7 7. O-O Bd6 8.
Nc3 a6 9. Nd5 Nc6 10. c3 Na5 11. Bd3 Ne7 12. Bg5 O-O 13. Rad1 Nac6 14. Bc4 b5
15. Bb3 Na5 16. Nxe7+ Qxe7 17. Bxe7 Bxe7 18. Rd7 Nxb3 19. axb3 Bd6 20. c4 Rac8
21. Ra1 f6 22. Rxa6 Ra8 23. Rxa8 Rxa8 24. Qd1 h6 25. Qd5+ 1-0

[Event "SR 4. liga A21 2008/2009"]
[Site "?"]
[Date "2009.01.04"]
[Round "6.4"]
[White "Bjel, Jan"]
[Black "Havel, Filip"]
[Result "1-0"]
[WhiteElo "1703"]
[BlackElo "1399"]
[PlyCount "35"]
[EventDate "2008.??.??"]

1. e4 e5 2. Nf3 Nc6 3. Bb5 a6 4. Ba4 Nf6 5. O-O d6 6. Re1 Bd7 7. c3 Be7 8. d4
O-O 9. Nbd2 b5 10. Bc2 b4 11. Nb3 d5 12. dxe5 Ng4 13. exd5 Nb8 14. h3 Nxe5 15.
Nxe5 bxc3 16. bxc3 Bf6 17. Qd3 Bb5 18. Qxh7# 1-0

[Event "SR 4. liga A21 2008/2009"]
[Site "?"]
[Date "2009.01.04"]
[Round "6.4"]
[White "Diviak, Rastislav"]
[Black "Blatnicky, Miroslav"]
[Result "1-0"]
[WhiteElo "2022"]
[BlackElo "2107"]
[PlyCount "57"]
[EventDate "2008.??.??"]

1. e4 e6 2. d4 d5 3. Nd2 c5 4. exd5 Qxd5 5. Ngf3 cxd4 6. Bc4 Qd8 7. Nb3 Bb4+ 8.
Bd2 Bxd2+ 9. Qxd2 Nc6 10. Nbxd4 Nxd4 11. Nxd4 Nf6 12. O-O-O O-O 13. Qe2 Qc7 14.
Nf3 b6 15. Ne5 Bb7 16. f3 Bd5 17. Bxd5 Nxd5 18. Rhe1 Rac8 19. Kb1 a5 20. c4 Nb4
21. Rd7 Qc5 22. Qe4 Nc6 23. Nxf7 Qf5 24. Qxf5 exf5 25. Nd6 Ra8 26. a3 Nb8 27.
Rb7 Rd8 28. Ree7 Rxd6 29. Re8# 1-0

[Event "SR 4. liga A21 2008/2009"]
[Site "?"]
[Date "2009.01.04"]
[Round "6.4"]
[White "Galik, Martin"]
[Black "Bjel, Tomas"]
[Result "0-1"]
[WhiteElo "1350"]
[BlackElo "1623"]
[PlyCount "104"]
[EventDate "2008.??.??"]

1. e4 e5 2. Nf3 d6 3. Bc4 Bg4 4. Nc3 Nc6 5. d3 h6 6. Be3 Na5 7. Bb3 Nxb3 8.
axb3 a6 9. Nd5 Nf6 10. h3 Nxd5 11. exd5 Bh5 12. g4 Bg6 13. h4 Qd7 14. Rg1 Be7
15. h5 Bh7 16. g5 hxg5 17. Bxg5 f6 18. Be3 Bf8 19. Qe2 Bf5 20. Nh4 O-O-O 21.
Qf3 Bh7 22. Qg4 Qxg4 23. Rxg4 Bg8 24. Ng6 Rxh5 25. Nxf8 Rh1+ 26. Kd2 Rxa1 27.
Ne6 Bxe6 28. dxe6 g5 29. Rc4 Re8 30. Bb6 Re7 31. c3 Kb8 32. Be3 Rxe6 33. Rg4
Kc8 34. Rg3 Rh1 35. f3 Rh2+ 36. Ke1 Re8 37. Bg1 Rh4 38. Kd2 Reh8 39. Ke1 Rh3
40. Rg2 Rxf3 41. Ke2 Rhh3 42. Bf2 Rxd3 43. Be1 Rde3+ 44. Kf2 Rhf3+ 45. Kg1
Rxe1+ 46. Kh2 e4 47. b4 e3 48. b3 Rf2 49. c4 Ree2 50. Kg1 Rxg2+ 51. Kf1 Ref2+
52. Ke1 Rg1# 0-1

[Event "SR 4. liga A21 2008/2009"]
[Site "?"]
[Date "2009.01.04"]
[Round "6.4"]
[White "Lanyi, Frantisek"]
[Black "Perickova, Jana"]
[Result "1-0"]
[WhiteElo "1743"]
[BlackElo "1600"]
[PlyCount "89"]
[EventDate "2008.??.??"]

1. e4 e5 2. Nf3 Nc6 3. Bb5 a6 4. Ba4 b5 5. Bb3 Nf6 6. O-O Be7 7. Re1 O-O 8. d4
exd4 9. Nxd4 Ne5 10. Bf4 Ng6 11. Bg5 h6 12. Bxf6 Bxf6 13. c3 Bb7 14. Nd2 Re8
15. Bc2 d5 16. exd5 Bxd5 17. Bxg6 fxg6 18. N2f3 Qd7 19. Rxe8+ Rxe8 20. h3 Bxf3
21. Nxf3 Qxd1+ 22. Rxd1 Re2 23. Rd2 Rxd2 24. Nxd2 Bg5 25. Ne4 Bc1 26. b3 a5 27.
Nc5 Bb2 28. c4 a4 29. cxb5 axb3 30. Nxb3 Kf7 31. Kf1 Ke7 32. Ke2 Kd6 33. Kd3
Ba3 34. Kc4 g5 35. Na5 Kd7 36. Kd5 Bb4 37. Nc4 Be1 38. f3 Bf2 39. a4 Ba7 40.
Ne5+ Kc8 41. Kc6 h5 42. a5 Bb8 43. Nd7 Ba7 44. b6 cxb6 45. axb6 1-0

[Event "SR 4. liga A21 2008/2009"]
[Site "?"]
[Date "2009.01.04"]
[Round "6.4"]
[White "Pericka, Pavol"]
[Black "Krchnak, Rudolf"]
[Result "1-0"]
[WhiteElo "1735"]
[BlackElo "1930"]
[PlyCount "69"]
[EventDate "2008.??.??"]

1. e4 d6 2. d4 Nf6 3. Bc4 Nxe4 4. Bxf7+ Kxf7 5. Qh5+ g6 6. Qd5+ Ke8 7. Qxe4 Bg7
8. Nf3 Nd7 9. O-O Nf6 10. Qe2 c6 11. h3 Bf5 12. c4 Qd7 13. Bf4 Kd8 14. Nc3 Kc7
15. d5 h5 16. Ng5 Bh6 17. Rfe1 Rae8 18. b4 Bxg5 19. Bxg5 Rhf8 20. Rad1 e5 21.
b5 c5 22. Qb2 Nh7 23. b6+ axb6 24. Nb5+ Kc8 25. Qa3 Qxb5 26. cxb5 Nxg5 27. f4
exf4 28. Rxe8+ Rxe8 29. Qa8+ Kd7 30. Qxb7+ Kd8 31. Qxb6+ Kd7 32. Qc6+ Ke7 33.
Re1+ Ne4 34. b6 Kf8 35. Qxe8+ 1-0

[Event "SR 4. liga A21 2008/2009"]
[Site "?"]
[Date "2009.01.04"]
[Round "6.5"]
[White "Beran, Jan ml"]
[Black "Vepy, Ivan"]
[Result "0-1"]
[WhiteElo "1757"]
[BlackElo "1941"]
[PlyCount "58"]
[EventDate "2008.??.??"]

1. e4 e5 2. c4 Nf6 3. Nc3 Nc6 4. g3 d6 5. h3 Be6 6. d3 Qd7 7. Bg2 Be7 8. Nge2
a6 9. f4 exf4 10. gxf4 g6 11. Be3 Nh5 12. Qa4 Bh4+ 13. Kd2 O-O 14. d4 b5 15.
cxb5 axb5 16. Qxb5 Rfb8 17. Qd3 Rxb2+ 18. Kc1 Nb4 19. Qd1 Bb3 20. Kxb2 Bxd1 21.
Rhxd1 Qc8 22. a3 Nc6 23. e5 Rb8+ 24. Kc2 Na5 25. Rdb1 Rxb1 26. Rxb1 Nc4 27. Bc1
Ng3 28. Nxg3 Bxg3 29. Nd5 Qf5+ 0-1

[Event "SR 4. liga A21 2008/2009"]
[Site "?"]
[Date "2009.01.04"]
[Round "6.5"]
[White "Harasta, Juraj"]
[Black "Tokos, Rastislav"]
[Result "0-1"]
[WhiteElo "1628"]
[BlackElo "1931"]
[PlyCount "68"]
[EventDate "2008.??.??"]

1. e4 e5 2. Nf3 Nc6 3. Bb5 d6 4. O-O Bg4 5. h3 Bh5 6. c3 a6 7. Ba4 b5 8. Bc2
Nf6 9. d4 Be7 10. Bg5 Nd7 11. Bxe7 Qxe7 12. Qd3 Bxf3 13. d5 Bxg2 14. dxc6 Nc5
15. Qe3 Bxf1 16. Kxf1 Ne6 17. a4 O-O 18. Bb3 Nf4 19. Bd5 Qg5 20. b4 Qg2+ 21.
Ke1 Qh1+ 22. Kd2 Qxh3 23. Qxh3 Nxh3 24. c4 Nf4 25. Nc3 bxa4 26. Rxa4 h5 27. b5
axb5 28. cxb5 h4 29. Rxa8 Rxa8 30. b6 cxb6 31. Nb5 Nxd5 32. exd5 h3 33. Nxd6 h2
34. c7 h1=Q 0-1

[Event "SR 4. liga A21 2008/2009"]
[Site "?"]
[Date "2009.01.04"]
[Round "6.5"]
[White "Harastova, Viera"]
[Black "Barcaj, Jaroslav"]
[Result "1/2-1/2"]
[WhiteElo "1658"]
[BlackElo "1605"]
[PlyCount "87"]
[EventDate "2008.??.??"]

1. d4 d5 2. c4 e6 3. Nc3 b6 4. Nf3 Bb7 5. Bf4 a6 6. e3 Nd7 7. a3 Rc8 8. cxd5
exd5 9. Rc1 Ne7 10. Be2 g6 11. Ne5 Bg7 12. Nxd7 Qxd7 13. Bg4 f5 14. Bf3 O-O 15.
Qb3 Kh8 16. O-O Bf6 17. Rfd1 g5 18. Be5 g4 19. Be2 Bxe5 20. dxe5 Qe6 21. f4
gxf3 22. Bxf3 Qxe5 23. Nxd5 Bxd5 24. Bxd5 Rf6 25. Bf3 Rh6 26. Qc3 Qxc3 27. Rxc3
c6 28. Rd7 Re6 29. Kf2 Ng6 30. Rb7 b5 31. Rb6 Ne5 32. Rxa6 Rd6 33. Rc2 Kg7 34.
Ra7+ Kg6 35. Re7 Nxf3 36. Kxf3 h6 37. Re5 Rb8 38. Kf4 Rf8 39. Rec5 Rff6 40. h4
h5 41. Rf2 Rde6 42. Re5 Rd6 43. Rf3 Rd1 44. Rf2 1/2-1/2